000 00933nam0a22002771 4500
001 rc\2215485
005 20250623091010.0
035 _a(NLR Aleph) 006697359
090 _a5208107
_c5208107
100 _a20110829d1978 |||y0rusy50 ca
101 0 _arus
102 _aRU
105 _ay z |||||
200 1 _aОценка массы w-бозона на основании данных по нейтринным сечениям
210 _aДубна
_cОИЯИ
_d1978
215 _a11 с.
_cграф.
_d21
225 1 _aСообщения Объединенного института ядерных исследований
_vР2-11709
320 _aБиблиогр.: с. 11 (12 назв.)
606 _aw-Бозоны
_xМасса
_2psbo
700 1 _aРерих
_bК.В.
801 0 _aRU
_bNLR
_gpsbo
801 1 _aRU
_bELAR
_2rusmarc
852 _aNLR
_jП11/2061
899 _aRuMoRGB
_jXXV 13/49
942 _cBOOK
980 _aNB